00668nam a2200229Ia 4500001000600000003000900006008004100015040001300056040001300069041001300082100002200095100002900117245004900146245003800195250001100233260001200244260001300256260004900269300005700318650003200375650003100407 2509IT-RoPAU130308s9999 xx 000 0 und d aIT-RoPAU cIT-RoPAU aITALIANO aFarassino Alberto gCodice Aut. SPICS: 6811 aCaro Lizzani, non si combatte a occhi chiusi bCinema Italiano sotto Il Fascismo a1a ed. aVENEZIA bMarsilio c1979 [1° Ed.:1979 - Ed.Ling.Originale:1976] a"3 p. (prefazione: no ; testo: 3 [pagine: 256-258])" aSTORIA NAZIONALE DEL CINEMA eCodice materia Spics: 6809